Music Quiz

Random Music or Country Music Quiz

Taylor Swift US Singles Quiz Stats

 Plays Quiz not verified by Sporcle

Score 0/16 Timer 10:00
0 Plays Today
% Correct
Tim McGraw
93.2%
Love Story
86.5%
You Belong with Me
85.1%
Teardrops on My Guitar
82.4%
Mine
81.1%
Ours
81.1%
White Horse
75.7%
Fifteen
75.7%
% Correct
Our Song
73%
Picture to Burn
70.3%
Back to December
70.3%
Mean
70.3%
Fearless
67.6%
Sparks Fly
60.8%
Should've Said No
58.1%
The Story of Us
52.7%

You're not logged in!

Compare scores with friends on all Sporcle quizzes.
OR
Log In

Show Comments

Extras

Top Quizzes Today


Score Distribution

Your Account Isn't Verified!

In order to create a playlist on Sporcle, you need to verify the email address you used during registration. Go to your Sporcle Settings to finish the process.

Report this User

Report this user for behavior that violates our Community Guidelines.

Details: